[Event "36th Reykjavik op"]
[Site "Reykjavik ISL"]
[Date "2023.04.02"]
[Round "7.26"]
[White "Rakhmangulova, Anastasiya"]
[Black "Mardov, Dimitar"]
[WhiteElo "2266"]
[BlackElo "2445"]
[Result "0-1"]
[EventDate "2023.03.29"]
[PlyCount "80"]

1. e4 e5 2. Nf3 Nc6 3. Bb5 g6 4. c3 Bg7 5. O-O Nge7 6. d4 exd4 7. cxd4 a6 8. Ba4
b5 9. Bc2 d6 10. h3 O-O 11. d5 Nb4 12. Bb3 a5 13. a3 Na6 14. Nc3 Bd7 15. Be3 Nc5
16. Bd4 Bxd4 17. Nxd4 b4 18. axb4 axb4 19. Rxa8 Qxa8 20. Na2 Qa7 21. Nc1 Kg7 22.
Re1 Ng8 23. f4 Nxb3 24. Ncxb3 Nf6 25. Kh2 Re8 26. Qf3 Qb7 27. f5 Qc8 28. g4 g5 29.
Re2 Re5 30. Nd2 c5 31. Nc2 Bb5 32. Re1 Qe8 33. h4 h6 34. hxg5 hxg5 35. Rh1 Nxe4 36.
Nxe4 Rxe4 37. f6+ Kg8 38. Kg1 Rf4 39. Qh3 Rf1+ 40. Qxf1 Bxf1  0-1

[Event "36th Reykjavik op"]
[Site "Reykjavik ISL"]
[Date "2023.04.02"]
[Round "7.27"]
[White "Throstur, Thorhallsson"]
[Black "Bergsson, Stefan"]
[WhiteElo "2392"]
[BlackElo "2192"]
[Result "1-0"]
[EventDate "2023.03.29"]
[PlyCount "97"]

1. e4 c5 2. Nf3 Nc6 3. c3 d5 4. exd5 Qxd5 5. d4 Bf5 6. Be3 cxd4 7. Nxd4 Nf6 8. Nxf5
Qxf5 9. Na3 e6 10. Nb5 Nd5 11. Nd4 Nxe3 12. fxe3 Qe5 13. Qf3 Rc8 14. Bb5 Bc5 15.
Bxc6+ bxc6 16. O-O-O O-O 17. Kb1 Qd5 18. Rd2 Bxd4 19. Rxd4 Qc5 20. Rhd1 Rb8 21. Ka1
e5 22. Rd7 a5 23. R7d6 Rfc8 24. Qe4 Qb6 25. R1d2 h6 26. a3 Qc5 27. Rd7 Rf8 28. g4
Qb5 29. h4 Qf1+ 30. Ka2 Qf6 31. g5 Qe6+ 32. c4 f5 33. gxf6 Qxf6 34. R2d6 Qf5 35.
Qg2 Rf7 36. Rxf7 Qxf7 37. Qxc6 Qf2 38. Qd5+ Kh8 39. Rxh6+ gxh6 40. Qxe5+ Kh7 41.
Qxb8 Qxh4 42. Qc7+ Kg6 43. Qd6+ Kf7 44. Qd5+ Kg6 45. c5 h5 46. c6 Qe7 47. Qc4 Qc7
48. Qe6+ Kg5 49. Qd7  1-0

[Event "36th Reykjavik op"]
[Site "Reykjavik ISL"]
[Date "2023.04.02"]
[Round "7.28"]
[White "Hommer, Jeremy"]
[Black "Sukandar, Irine Kharisma"]
[WhiteElo "2251"]
[BlackElo "2389"]
[Result "1-0"]
[EventDate "2023.03.29"]
[PlyCount "107"]

1. e4 e5 2. Nf3 Nc6 3. Bc4 Bc5 4. d3 Nf6 5. Nc3 a6 6. Bg5 Be7 7. Bxf6 Bxf6 8. Nd5
d6 9. c3 g6 10. Nxf6+ Qxf6 11. h3 Bd7 12. b4 g5 13. Qd2 h6 14. Qe3 Ne7 15. a4 Ng6
16. g3 Ne7 17. h4 Bg4 18. Nh2 Be6 19. Qf3 Qxf3 20. Nxf3 Bxc4 21. dxc4 g4 22. Nd2
a5 23. Nb3 Nc6 24. b5 Ne7 25. c5 d5 26. exd5 Nxd5 27. Kd2 b6 28. Rhe1 f6 29. c4 Nb4
30. Kc3 O-O-O 31. Rad1 Rhe8 32. cxb6 cxb6 33. c5 bxc5 34. Nxa5 Kc7 35. Nb3 Nd5+ 36.
Kc4 Nb6+ 37. Kxc5 Nxa4+ 38. Kb4 Nb2 39. Rxd8 Rxd8 40. Rc1+ Kb8 41. Rc6 Nd3+ 42. Ka5
f5 43. Rxh6 f4 44. Kb6 Kc8 45. Na5 Re8 46. Rh7 Nb4 47. Nc6 Nd5+ 48. Kc5 Nf6 49. Ra7
Re6 50. b6 Ne4+ 51. Kd5 Rd6+ 52. Kxe4 Rxc6 53. Rc7+ Rxc7 54. bxc7  1-0

[Event "36th Reykjavik op"]
[Site "Reykjavik ISL"]
[Date "2023.04.02"]
[Round "7.29"]
[White "Karacsonyi, Gellert"]
[Black "Mannion, Stephen"]
[WhiteElo "2385"]
[BlackElo "2190"]
[Result "1-0"]
[EventDate "2023.03.29"]
[PlyCount "133"]

1. e4 e5 2. Nf3 Nc6 3. d4 exd4 4. Bc4 Bc5 5. Ng5 Nh6 6. Nxf7 Nxf7 7. Bxf7+ Kxf7 8.
Qh5+ g6 9. Qxc5 d5 10. O-O dxe4 11. c3 Re8 12. cxd4 Qxd4 13. Qg5 Bf5 14. Bd2 Qf6
15. Qg3 Nd4 16. Nc3 c6 17. Bg5 Qe5 18. Qh4 h5 19. Bf4 Qf6 20. Bg5 Qe5 21. Rae1 Ne6
22. Bd2 Rad8 23. Nxe4 Bxe4 24. Rxe4 Qxb2 25. Bc1 Qf6 26. Qh3 Nd4 27. Rxe8 Rxe8 28.
Be3 Re7 29. Rd1 c5 30. Qc8 b6 31. h3 Re8 32. Qa6 Re7 33. Qc8 Ne6 34. a4 Qc3 35. Qc6
Qc2 36. Qf3+ Qf5 37. Qc6 Qc2 38. Qd5 Qf5 39. Qc4 Qf6 40. Rd3 Kg7 41. h4 Kh7 42. g3
Ng7 43. Rd8 Rf7 44. Qd5 Nf5 45. Bg5 Qg7 46. Bf4 Nd4 47. Kg2 Re7 48. Rc8 Rd7 49. Qe4
Re7 50. Qd5 Rd7 51. Qa8 Ne2 52. Bg5 Qa1 53. Re8 Qg1+ 54. Kh3 Qf1+ 55. Qg2 Qd1 56.
Bf6 Rg7 57. Kh2 Nd4 58. Qa8 Nf3+ 59. Kg2 Ne1+ 60. Kh2 Nf3+ 61. Kg2 Ne1+ 62. Kh3 Qg4+
63. Kh2 Nf3+ 64. Kg2 Nxh4+ 65. Bxh4 g5 66. Rh8+ Kg6 67. Qe8+  1-0

[Event "36th Reykjavik op"]
[Site "Reykjavik ISL"]
[Date "2023.04.02"]
[Round "7.30"]
[White "Baasansuren, Erdene"]
[Black "Ajay Krishna, S"]
[WhiteElo "2232"]
[BlackElo "2382"]
[Result "1-0"]
[EventDate "2023.03.29"]
[PlyCount "83"]

1. d4 d5 2. c4 e6 3. Nf3 c6 4. Qc2 dxc4 5. Qxc4 Nf6 6. Bg5 Nbd7 7. Nbd2 h6 8. Bh4
c5 9. e3 cxd4 10. Nxd4 Be7 11. Be2 O-O 12. Bg3 Nb6 13. Qc2 Bd7 14. O-O Rc8 15. Qb1
Nfd5 16. a3 Bh4 17. Bd6 Re8 18. N2f3 Bf6 19. Be5 Na4 20. Rd1 Qb6 21. Bxf6 Nxf6 22.
Ne5 Red8 23. Rd2 Be8 24. Nc4 Qc7 25. f4 Nd5 26. Qe4 Nc5 27. Qf3 Nf6 28. Ne5 Nce4
29. Rc2 Qb6 30. Nc4 Qa6 31. Rac1 b5 32. Ne5 Rxc2 33. Rxc2 Qb6 34. Bd3 Nc5 35. Bf1
Nd5 36. b4 Na4 37. Nec6 Rc8 38. Bxb5 Nac3 39. Rxc3 a6 40. Ne7+ Nxe7 41. Rxc8 Nxc8
42. Bxe8  1-0

[Event "36th Reykjavik op"]
[Site "Reykjavik ISL"]
[Date "2023.04.02"]
[Round "7.31"]
[White "Cieslak, Patryk"]
[Black "Pasti, Aron"]
[WhiteElo "2207"]
[BlackElo "2378"]
[Result "1-0"]
[EventDate "2023.03.29"]
[PlyCount "117"]

1. e4 e5 2. Nf3 Nc6 3. Bb5 a6 4. Ba4 Nf6 5. O-O Be7 6. Re1 b5 7. Bb3 O-O 8. a4 b4
9. d4 d6 10. dxe5 Nxe5 11. Nxe5 dxe5 12. Qe2 Bb7 13. Rd1 Qe8 14. f3 a5 15. Be3 Nd7
16. Qf2 Nb6 17. Nd2 Qc6 18. Kh1 Kh8 19. Bxb6 cxb6 20. Bd5 Qc7 21. Bxb7 Qxb7 22. Nc4
Bc5 23. Qd2 f6 24. Qd7 Qxd7 25. Rxd7 Bd4 26. Rd1 Rac8 27. b3 Kg8 28. g3 Rc6 29. f4
Rcc8 30. Kg2 b5 31. axb5 a4 32. b6 a3 33. b7 Rb8 34. Na5 Rf7 35. Rxf7 Kxf7 36. Nc6
Rxb7 37. Nd8+ Ke7 38. Nxb7 a2 39. Na5 Kd6 40. fxe5+ fxe5 41. Nc4+ Kc5 42. Nd2 a1=Q
43. Rxa1 Bxa1 44. Nf3 g6 45. Kh3 Bb2 46. Kg4 h6 47. h4 Kd6 48. h5 gxh5+ 49. Kxh5
Bc1 50. Nh4 Kc5 51. Nf5 Bd2 52. Kg6 Be1 53. Kxh6 Bxg3 54. Nxg3 Kd4 55. Kg5 Kc3 56.
Kf5 Kxc2 57. Kxe5 Kxb3 58. Ne2 Kc4 59. Nc1  1-0

[Event "36th Reykjavik op"]
[Site "Reykjavik ISL"]
[Date "2023.04.02"]
[Round "7.32"]
[White "Bjorn, Thorfinnsson"]
[Black "Sivakumar, Ashvin"]
[WhiteElo "2369"]
[BlackElo "2181"]
[Result "1-0"]
[EventDate "2023.03.29"]
[PlyCount "55"]

1. d4 Nf6 2. Nf3 g6 3. Bg5 Bg7 4. e3 d6 5. Bd3 Nbd7 6. Nbd2 O-O 7. c3 e5 8. Qc2 Qe8
9. h4 c5 10. dxe5 Nxe5 11. Nxe5 Qxe5 12. Nf3 Qe6 13. h5 Bd7 14. hxg6 hxg6 15. Rh4
Rfe8 16. O-O-O Bc6 17. Nd2 Ng4 18. Nf3 Nf6 19. Rdh1 Ne4 20. Bh6 Bf6 21. Rf4 g5 22.
Bxg5 Bxg5 23. Rxe4 Bxe4 24. Nxg5 Bxd3 25. Qxd3 Qg6 26. Qd5 Rab8 27. Nxf7 Qe4 28.
Nh6+  1-0

[Event "36th Reykjavik op"]
[Site "Reykjavik ISL"]
[Date "2023.04.02"]
[Round "7.33"]
[White "Ruiz Buendia, Miguel"]
[Black "Miller, Eduard"]
[WhiteElo "2172"]
[BlackElo "2354"]
[Result "1/2-1/2"]
[EventDate "2023.03.29"]
[PlyCount "34"]

1. e4 c6 2. d4 d5 3. e5 c5 4. dxc5 e6 5. a3 Bxc5 6. Nf3 Nd7 7. c4 Ne7 8. Nc3 O-O
9. Bd3 Qc7 10. O-O Nxe5 11. Bxh7+ Kxh7 12. Ng5+ Kg6 13. Ne2 Rh8 14. Nf4+ Kf6 15.
b4 Nxc4 16. Nh5+ Kg6 17. Nf4+ Kf6  1/2-1/2

[Event "36th Reykjavik op"]
[Site "Reykjavik ISL"]
[Date "2023.04.02"]
[Round "7.34"]
[White "Birkisson, Bardur Oern"]
[Black "Song, Julien"]
[WhiteElo "2142"]
[BlackElo "2348"]
[Result "1/2-1/2"]
[EventDate "2023.03.29"]
[PlyCount "32"]

1. e4 c6 2. d4 d5 3. exd5 cxd5 4. Bd3 Nc6 5. c3 e6 6. Bf4 Bd6 7. Bxd6 Qxd6 8. Nf3
Nge7 9. O-O O-O 10. Nbd2 f6 11. c4 Bd7 12. Re1 Be8 13. cxd5 exd5 14. Nb3 Bh5 15.
Re3 b6 16. Qd2 Bg6  1/2-1/2

[Event "36th Reykjavik op"]
[Site "Reykjavik ISL"]
[Date "2023.04.02"]
[Round "7.35"]
[White "Panesar, Vedant"]
[Black "Van Kessel, Wessel"]
[WhiteElo "2348"]
[BlackElo "2137"]
[Result "1-0"]
[EventDate "2023.03.29"]
[PlyCount "49"]

1. e4 d5 2. exd5 Nf6 3. Bb5+ Bd7 4. Bc4 Bg4 5. f3 Bh5 6. Nc3 Nbd7 7. Nge2 g5 8. d4
h6 9. Ng3 Bg6 10. O-O a6 11. Nge4 Bg7 12. Nxf6+ Bxf6 13. Bb3 b5 14. a3 Nb6 15. Be3
Qd7 16. Qe2 h5 17. Ne4 Qf5 18. Nxf6+ Qxf6 19. Qd2 Qd6 20. Bxg5 Nxd5 21. Rae1 e6 22.
Re5 O-O 23. Bxd5 exd5 24. Be7 Qd7 25. Qh6  1-0

[Event "36th Reykjavik op"]
[Site "Reykjavik ISL"]
[Date "2023.04.02"]
[Round "7.36"]
[White "Deatrick, Alexander"]
[Black "Sarkar, Justin"]
[WhiteElo "2081"]
[BlackElo "2338"]
[Result "0-1"]
[EventDate "2023.03.29"]
[PlyCount "38"]

1. e4 c5 2. Nc3 Nc6 3. f4 g6 4. Nf3 Bg7 5. a4 d6 6. Bb5 Bd7 7. d3 Nf6 8. e5 dxe5
9. fxe5 Ng4 10. e6 Bxe6 11. Bxc6+ bxc6 12. Ng5 Qd4 13. Qe2 Bd5 14. Nge4 f5 15. h3
fxe4 16. dxe4 Bc4 17. Qxg4 O-O 18. Qg3 Rad8 19. Qe3 Be5  0-1

[Event "36th Reykjavik op"]
[Site "Reykjavik ISL"]
[Date "2023.04.02"]
[Round "7.37"]
[White "Hardarson, Petur Palmi"]
[Black "Papadiamandis, Elliot"]
[WhiteElo "2069"]
[BlackElo "2323"]
[Result "0-1"]
[EventDate "2023.03.29"]
[PlyCount "150"]

1. d4 Nf6 2. c4 g6 3. Nc3 d5 4. cxd5 Nxd5 5. e4 Nxc3 6. bxc3 Bg7 7. Nf3 c5 8. h3
O-O 9. Be2 b6 10. Be3 Bb7 11. Qc2 cxd4 12. cxd4 Qc8 13. Bd3 Qxc2 14. Bxc2 Nc6 15.
Rc1 Rac8 16. O-O Ba6 17. Rfd1 Be2 18. Rd2 Bxf3 19. gxf3 Nxd4 20. Bxd4 Rfd8 21. Rcd1
Rxd4 22. Rxd4 Bxd4 23. Bb3 Bc5 24. f4 b5 25. Kg2 Bb6 26. Rd5 a6 27. f5 gxf5 28. Rxf5
e6 29. Rg5+ Kf8 30. Rh5 Kg7 31. f4 Kg6 32. Rg5+ Kh6 33. Rg3 a5 34. Rd3 a4 35. Bd1
Rc1 36. Kf3 Ra1 37. f5 Kg5 38. fxe6 fxe6 39. Rd6 Bc7 40. Rd7 Be5 41. Be2 b4 42. Bc4
Rc1 43. Bxe6 b3 44. axb3 axb3 45. Bxb3 Rc3+ 46. Ke2 Rxb3 47. Rxh7 Bf4 48. h4+ Kg4
49. Rg7+ Kxh4 50. e5 Bxe5 51. Rg8 Bf4 52. Kf2 Bg5 53. Ra8 Kg4 54. Ke2 Bf6 55. Ra4+
Kf5 56. Rc4 Ke5 57. Ra4 Be7 58. Ra5+ Ke4 59. Ra4+ Bb4 60. Ra8 Rb2+ 61. Kd1 Bc3 62.
Rg8 Bd4 63. Kc1 Rh2 64. Rg3 Be3+ 65. Kb1 Kd3 66. Rg8 Bd4 67. Rg3+ Kc4 68. Rg8 Re2
69. Rc8+ Kd3 70. Rg8 Rb2+ 71. Kc1 Rb5 72. Rd8 Ra5 73. Rb8 Rh5 74. Kb1 Rh1+ 75. Ka2
Ra1+  0-1

[Event "36th Reykjavik op"]
[Site "Reykjavik ISL"]
[Date "2023.04.02"]
[Round "7.38"]
[White "Adams, Henry"]
[Black "Tamas, Gunes Ongut"]
[WhiteElo "1859"]
[BlackElo "2317"]
[Result "1/2-1/2"]
[EventDate "2023.03.29"]
[PlyCount "52"]

1. e4 c5 2. Nf3 e6 3. g3 Nc6 4. Bg2 Nf6 5. Qe2 e5 6. O-O Be7 7. c3 O-O 8. d3 Re8
9. Na3 Bf8 10. Bg5 h6 11. Bxf6 Qxf6 12. Nc4 d6 13. Ne3 g6 14. Nd2 Bg7 15. Nd5 Qd8
16. Nc4 Rb8 17. a4 b6 18. f4 exf4 19. gxf4 Ne7 20. Nxe7+ Qxe7 21. Ne3 h5 22. f5 Qg5
23. Qf2 Bb7 24. Rae1 h4 25. Kh1 Be5 26. Bf3 Bf4  1/2-1/2

[Event "36th Reykjavik op"]
[Site "Reykjavik ISL"]
[Date "2023.04.02"]
[Round "7.39"]
[White "Cramling Bellon, Anna"]
[Black "Ostensson, Julia"]
[WhiteElo "2066"]
[BlackElo "1822"]
[Result "1/2-1/2"]
[EventDate "2023.03.29"]
[PlyCount "52"]

1. d4 d6 2. c4 Nf6 3. Nc3 g6 4. e4 Bg7 5. h3 O-O 6. Be3 e5 7. d5 Na6 8. g4 Nc5 9.
Bg2 a5 10. Nge2 c6 11. Ng3 cxd5 12. cxd5 a4 13. g5 Nfd7 14. h4 b5 15. h5 b4 16. hxg6
fxg6 17. Nce2 Ba6 18. Nc1 Rf4 19. Bf1 Bxf1 20. Kxf1 Qxg5 21. Nge2 Nxe4 22. Nd3 Rxf2+
23. Bxf2 Nd2+ 24. Ke1 Nf3+ 25. Kf1 Nd2+ 26. Ke1 Nf3+  1/2-1/2

[Event "36th Reykjavik op"]
[Site "Reykjavik ISL"]
[Date "2023.04.02"]
[Round "7.40"]
[White "Sigurbjorn, Bjornsson"]
[Black "Tulendinov, Dinmukhammed"]
[WhiteElo "2310"]
[BlackElo "2048"]
[Result "1-0"]
[EventDate "2023.03.29"]
[PlyCount "45"]

1. e4 c5 2. Nf3 e6 3. d4 cxd4 4. Nxd4 a6 5. Bd3 Qc7 6. O-O Nf6 7. Qe2 d6 8. f4 Nbd7
9. c4 Be7 10. b3 O-O 11. Bb2 b6 12. Nc3 Bb7 13. Rae1 Rfd8 14. Kh1 Qc5 15. e5 Ne8
16. Na4 Qc7 17. f5 Nxe5 18. fxe6 Nf6 19. exf7+ Kxf7 20. Qh5+ Kg8 21. Rxf6 Nxd3 22.
Qf7+ Kh8 23. Rxe7  1-0

[Event "36th Reykjavik op"]
[Site "Reykjavik ISL"]
[Date "2023.04.02"]
[Round "7.41"]
[White "Briem, Gudrun Fanney"]
[Black "Botez, Alexandra"]
[WhiteElo "1503"]
[BlackElo "1988"]
[Result "0-1"]
[EventDate "2023.03.29"]
[PlyCount "86"]

1. d4 c5 2. d5 g6 3. c4 d6 4. Nf3 Bg7 5. Nc3 Nf6 6. Bg5 h6 7. Bh4 Bf5 8. e3 Qa5 9.
Qd2 Na6 10. Bd3 Bxd3 11. Qxd3 b5 12. Bxf6 bxc4 13. Qxc4 Bxf6 14. O-O Rb8 15. Rab1
O-O 16. Nd2 Nc7 17. Nb3 Qb4 18. Qxb4 Rxb4 19. Na5 Bxc3 20. bxc3 Ra4 21. Rb7 Nxd5
22. Nc6 Nxc3 23. Rxe7 Ra6 24. Rc7 Nd5 25. Ne7+ Nxe7 26. Rxe7 Rxa2 27. Rd7 Rc8 28.
Rxd6 c4 29. Rc1 c3 30. Kf1 Rb8 31. Ke1 Rbb2 32. Rf6 a5 33. g4 a4 34. h4 Kg7 35. g5
hxg5 36. hxg5 a3 37. Kf1 Rc2 38. Rd1 Rd2 39. Rc1 Rac2 40. Rxc2 Rxc2 41. Ra6 a2 42.
Ra3 Rc1+ 43. Ke2 a1=Q  0-1

[Event "36th Reykjavik op"]
[Site "Reykjavik ISL"]
[Date "2023.04.02"]
[Round "7.42"]
[White "Mai, Alexander Oliver"]
[Black "Hjartarson, Johann"]
[WhiteElo "2141"]
[BlackElo "2478"]
[Result "1-0"]
[EventDate "2023.03.29"]
[PlyCount "67"]

1. e4 e6 2. d4 d5 3. Nc3 Nf6 4. e5 Nfd7 5. f4 c5 6. Nf3 Nc6 7. Be3 Be7 8. Qd2 a6
9. dxc5 Nxc5 10. O-O-O Qa5 11. Kb1 b5 12. Bd3 b4 13. Ne2 O-O 14. g4 Bb7 15. Bxc5
Qxc5 16. f5 exf5 17. gxf5 f6 18. e6 Ne5 19. Nfd4 a5 20. Rhg1 Kh8 21. Rg3 Bd6 22.
Rh3 a4 23. Rg1 Rg8 24. Qe1 h6 25. Qd2 Bf8 26. Rxg7 Ng4 27. Rxg8+ Kxg8 28. Rg3 h5
29. h3 Bd6 30. Rg2 Be5 31. hxg4 Bxd4 32. gxh5+ Kh7 33. Nxd4 Qxd4 34. Rg6  1-0

[Event "36th Reykjavik op"]
[Site "Reykjavik ISL"]
[Date "2023.04.02"]
[Round "7.43"]
[White "Erdos, Viktor"]
[Black "Belenkaya, Dina"]
[WhiteElo "2587"]
[BlackElo "2300"]
[Result "0-1"]
[EventDate "2023.03.29"]
[PlyCount "130"]

1. e4 c6 2. d4 d5 3. exd5 cxd5 4. Nf3 Nc6 5. c3 Qc7 6. c4 Nf6 7. Nc3 Be6 8. Be3 Rd8
9. Ng5 Bg4 10. f3 Bh5 11. cxd5 Nxd5 12. Nxd5 Rxd5 13. Bc4 Rd8 14. O-O h6 15. Nh3
g5 16. d5 Bg7 17. Qc1 Nd4 18. Rd1 Qb6 19. a4 e5 20. dxe6 fxe6 21. Nf2 O-O 22. Ra3
Kh8 23. Kh1 Qc6 24. Bd3 Qxc1 25. Bxc1 Rc8 26. Be4 b6 27. Rc3 Rxc3 28. bxc3 Ne2 29.
c4 Nxc1 30. Rxc1 Bd4 31. Nd3 Rc8 32. h4 Be8 33. a5 bxa5 34. c5 a4 35. c6 a3 36. Rc2
Bxc6 37. Bxc6 Rxc6 38. Rxc6 a2 39. Ra6 a1=Q+ 40. Rxa1 Bxa1 41. hxg5 hxg5 42. Nc5
e5 43. Ne4 a5 44. Nxg5 a4 45. Ne4 a3 46. Nd2 a2 47. Nb3 Bd4 48. g3 Kg7 49. Kg2 Kf6
50. Kf1 a1=Q+ 51. Nxa1 Bxa1 52. Kg2 Kf5 53. Kh3 Bc3 54. Kh4 Bd2 55. Kh3 Be1 56. Kh4
Ke6 57. Kg4 Bf2 58. Kh4 Kd5 59. Kh3 Kd4 60. g4 Kd5 61. g5 Ke6 62. Kg4 Be3 63. g6
Kf6 64. g7 Kxg7 65. Kf5 Bf4  0-1

[Event "36th Reykjavik op"]
[Site "Reykjavik ISL"]
[Date "2023.04.02"]
[Round "7.44"]
[White "Kunz, Andre"]
[Black "Williams, Simon"]
[WhiteElo "2140"]
[BlackElo "2461"]
[Result "0-1"]
[EventDate "2023.03.29"]
[PlyCount "110"]

1. e4 g6 2. d4 Bg7 3. Nc3 d6 4. Be3 a6 5. Qd2 b5 6. h4 Nf6 7. f3 h5 8. O-O-O b4 9.
Na4 a5 10. Bc4 Bd7 11. Bb3 Nc6 12. Nh3 e5 13. Ng5 O-O 14. dxe5 Nxe5 15. f4 Neg4 16.
e5 Bxa4 17. Bxa4 Nh7 18. Bb3 Nxg5 19. hxg5 Qe7 20. Bg1 dxe5 21. f5 Rad8 22. f6 Nxf6
23. gxf6 Qxf6 24. Qe1 e4 25. c3 Rxd1+ 26. Kxd1 bxc3 27. bxc3 Qc6 28. Rh3 a4 29. Bc2
f5 30. Qe3 Qd5+ 31. Qd2 Qxa2 32. Bc5 Rb8 33. Rg3 Qc4 34. Bd4 c5 35. Bxg7 Qf1+ 36.
Qe1 Rd8+ 37. Bd4 Qxe1+ 38. Kxe1 cxd4 39. cxd4 Kf7 40. Ra3 Rxd4 41. Ke2 Kf6 42. Bxa4
h4 43. Be8 Rd6 44. Rh3 g5 45. Rc3 Ke5 46. Rc6 Rxc6 47. Bxc6 g4 48. Ke3 g3 49. Bd7
h3 50. gxh3 f4+ 51. Ke2 f3+ 52. Kf1 e3 53. Bb5 Kf4 54. h4 g2+ 55. Kg1 Kg3  0-1

[Event "36th Reykjavik op"]
[Site "Reykjavik ISL"]
[Date "2023.04.02"]
[Round "7.45"]
[White "Knaak, Rainer"]
[Black "Birkisson, Bjoern Holm"]
[WhiteElo "2455"]
[BlackElo "2110"]
[Result "1/2-1/2"]
[EventDate "2023.03.29"]
[PlyCount "103"]

1. d4 Nf6 2. c4 e6 3. Nc3 Bb4 4. e3 O-O 5. Bd2 d5 6. Nf3 b6 7. cxd5 exd5 8. Rc1 Be7
9. Ne5 Bb7 10. Bd3 Nbd7 11. f4 c5 12. Qc2 cxd4 13. exd4 Ne4 14. Nxe4 dxe4 15. Bxe4
Bxe4 16. Qxe4 Nf6 17. Qd3 Qd5 18. O-O Ne4 19. Rfe1 Nd6 20. b3 Bf6 21. Be3 Rfd8 22.
Ng4 Bh4 23. g3 h5 24. Ne5 Bf6 25. Bf2 Nb5 26. Rc4 Nd6 27. Rc2 Nb5 28. Rd2 Nd6 29.
Qf3 Qxf3 30. Nxf3 Nf5 31. h3 Ne7 32. Rc1 Nd5 33. f5 g6 34. fxg6 fxg6 35. a4 g5 36.
Rc4 Re8 37. Rc6 Kg7 38. Rd6 Rad8 39. Rxd8 Rxd8 40. Rc2 Kg6 41. Ne5+ Kf5 42. Re2 g4
43. hxg4+ hxg4 44. Nc6 Rd7 45. b4 Nc3 46. Re8 Nxa4 47. Ne5 Rd8 48. Rxd8 Bxd8 49.
Nc6 Bf6 50. d5 Nc3 51. Nxa7 Nxd5 52. b5  1/2-1/2

[Event "36th Reykjavik op"]
[Site "Reykjavik ISL"]
[Date "2023.04.02"]
[Round "7.46"]
[White "Krivenko, Dion"]
[Black "Carlsson, Ludvig"]
[WhiteElo "2136"]
[BlackElo "2375"]
[Result "0-1"]
[EventDate "2023.03.29"]
[PlyCount "68"]

1. e4 e5 2. Nf3 Nf6 3. Nxe5 d6 4. Nf3 Nxe4 5. Nc3 Nxc3 6. dxc3 Nc6 7. Be3 g6 8. Qd2
Bg7 9. O-O-O O-O 10. Bh6 Qf6 11. h3 Re8 12. Kb1 Be6 13. Bxg7 Kxg7 14. Nd4 Nxd4 15.
cxd4 Bd5 16. c4 Be4+ 17. Ka1 c5 18. f3 Bc6 19. h4 cxd4 20. Bd3 Re3 21. h5 Rae8 22.
hxg6 hxg6 23. Rdf1 Qf4 24. a3 d5 25. g3 Re1+ 26. Qxe1 Rxe1+ 27. Rxe1 Qxf3 28. Be2
Qxg3 29. Rhg1 Qb3 30. c5 d3 31. Bh5 d4 32. Re7 Bd5 33. Rxg6+ Kf8 34. Rxf7+ Bxf7  0-1

[Event "36th Reykjavik op"]
[Site "Reykjavik ISL"]
[Date "2023.04.02"]
[Round "7.47"]
[White "Kusa, Jakub"]
[Black "Loncke, Matthieu"]
[WhiteElo "2373"]
[BlackElo "2108"]
[Result "1-0"]
[EventDate "2023.03.29"]
[PlyCount "51"]

1. d4 Nf6 2. c4 g6 3. Nc3 Bg7 4. Nf3 O-O 5. Bg5 d6 6. e3 Bf5 7. Bd3 Bxd3 8. Qxd3
Nbd7 9. O-O h6 10. Bh4 c5 11. Rad1 a6 12. Rfe1 Rb8 13. Nd2 Qa5 14. a4 Rbc8 15. b3
Rfe8 16. f3 Nh5 17. Nde4 f5 18. Ng3 cxd4 19. Nxh5 Nc5 20. Qb1 gxh5 21. b4 dxc3 22.
bxa5 e6 23. Qc2 Rc6 24. e4 fxe4 25. fxe4 Rf8 26. e5  1-0

[Event "36th Reykjavik op"]
[Site "Reykjavik ISL"]
[Date "2023.04.02"]
[Round "7.48"]
[White "Willemze, Thomas"]
[Black "Jones, Craig"]
[WhiteElo "2364"]
[BlackElo "2075"]
[Result "1-0"]
[EventDate "2023.03.29"]
[PlyCount "56"]

1. e4 e6 2. d4 d5 3. Nc3 dxe4 4. Nxe4 Nd7 5. g3 Ngf6 6. Nxf6+ Nxf6 7. Bg2 e5 8. Qe2
Qxd4 9. Nf3 Bb4+ 10. c3 Bxc3+ 11. Kf1 Qc5 12. bxc3 e4 13. Nd2 O-O 14. Nb3 Qc6 15.
h3 b6 16. Kg1 Bb7 17. Kh2 Rfe8 18. Nd4 Qxc3 19. Bb2 Qa5 20. Rhc1 c5 21. Nf5 Re6 22.
Qe3 h6 23. Rd1 c4 24. Nd6 Qh5 25. Bxf6 Bd5 26. g4 Qg6 27. Rxd5 Qxf6 28. Rad1 Qb2
 1-0

[Event "36th Reykjavik op"]
[Site "Reykjavik ISL"]
[Date "2023.04.02"]
[Round "7.49"]
[White "Hoffmann, Sebastian"]
[Black "Pigott, John"]
[WhiteElo "2108"]
[BlackElo "2361"]
[Result "1-0"]
[EventDate "2023.03.29"]
[PlyCount "101"]

1. d4 Nf6 2. c4 e6 3. Nc3 Bb4 4. Qc2 O-O 5. a3 Bxc3+ 6. Qxc3 d5 7. Bg5 c5 8. dxc5
d4 9. Qg3 Nbd7 10. b4 e5 11. Rd1 Re8 12. e3 a5 13. Be2 axb4 14. axb4 Ra3 15. Qh4
Rb3 16. exd4 exd4 17. Qxd4 Rxb4 18. Nf3 Ra4 19. Rd2 Qa5 20. Bxf6 Nxf6 21. O-O Ne4
22. Rb2 Nxc5 23. Rd1 Ra1 24. h3 Rxd1+ 25. Qxd1 h6 26. Rb5 Qc7 27. Qd4 b6 28. Rb2
Bb7 29. Nh2 Re4 30. Qd1 Qe7 31. Ng4 Re6 32. Ne3 Ne4 33. Qd4 Nc5 34. Bg4 Re4 35. Qd2
Qf6 36. Bf3 Rd4 37. Ng4 Qd6 38. Qe3 Bxf3 39. gxf3 Ne6 40. Qe5 Qd8 41. Ne3 Rh4 42.
Nd5 Ng5 43. Kg2 Qd7 44. Ne7+ Kh7 45. Nf5 f6 46. Qd5 Qxd5 47. cxd5 Rxh3 48. f4 Rf3
49. Rb4 Rd3 50. fxg5 Rxd5 51. g6+  1-0

[Event "36th Reykjavik op"]
[Site "Reykjavik ISL"]
[Date "2023.04.02"]
[Round "7.50"]
[White "Becker, Tobias"]
[Black "Rosen, Eric"]
[WhiteElo "2085"]
[BlackElo "2357"]
[Result "1/2-1/2"]
[EventDate "2023.03.29"]
[PlyCount "94"]

1. e4 c5 2. Nf3 Nc6 3. d4 cxd4 4. Nxd4 g6 5. c4 Nf6 6. Nc3 d6 7. f3 Nxd4 8. Qxd4
Bg7 9. Be3 O-O 10. Qd2 a5 11. b3 a4 12. b4 Be6 13. Rc1 a3 14. Nb5 Qd7 15. Be2 Rfc8
16. O-O Qd8 17. Rfd1 Bd7 18. Nd4 Ba4 19. Re1 Bc6 20. Bf1 b6 21. Qf2 Nd7 22. Rb1 Bb7
23. Rec1 Qf8 24. Qd2 Be5 25. Rb3 e6 26. Nb5 d5 27. Bh6 Qe7 28. f4 Bb2 29. Rxb2 axb2
30. Qxb2 f6 31. e5 fxe5 32. fxe5 Qh4 33. Qd2 Nxe5 34. Nd6 Rxa2 35. Qxa2 Qxh6 36.
Re1 Ng4 37. g3 Qg7 38. Nxb7 Qd4+ 39. Kh1 Rf8 40. Qe2 Nf2+ 41. Kg2 Ng4 42. Qxe6+ Kh8
43. Re2 Qd1 44. Kh3 Qxf1+ 45. Kxg4 Qf3+ 46. Kh3 Qh5+ 47. Kg2 Qf3+  1/2-1/2

[Event "36th Reykjavik op"]
[Site "Reykjavik ISL"]
[Date "2023.04.02"]
[Round "7.51"]
[White "Braun, Vitali"]
[Black "Pagan, Jonathan"]
[WhiteElo "2356"]
[BlackElo "2042"]
[Result "1-0"]
[EventDate "2023.03.29"]
[PlyCount "99"]

1. d4 Nf6 2. c4 e6 3. Nc3 Bb4 4. Qc2 d5 5. a3 Bxc3+ 6. Qxc3 O-O 7. Bg5 c5 8. dxc5
d4 9. Qc2 e5 10. e3 h6 11. Bh4 Qe7 12. b4 a5 13. Rb1 axb4 14. axb4 Nbd7 15. Nf3 Re8
16. e4 Nf8 17. Bd3 Ra3 18. O-O g5 19. Bg3 Rc3 20. Qd2 Ng6 21. Rfc1 Rxc1+ 22. Rxc1
Nh7 23. Ne1 h5 24. f3 g4 25. Qh6 h4 26. Bf2 h3 27. Bg3 Ng5 28. Rc2 hxg2 29. Kxg2
gxf3+ 30. Nxf3 Bh3+ 31. Kh1 Ra8 32. Rc1 Nxf3 33. Qxh3 Qg5 34. Rf1 Qe3 35. Bc2 Ra2
36. Bd1 Ra1 37. Qf5 Ng5 38. b5 Ne7 39. Qg4 Qxe4+ 40. Qxe4 Nxe4 41. Bxe5 Nf2+ 42.
Rxf2 Rxd1+ 43. Kg2 d3 44. Bf4 Ng6 45. c6 bxc6 46. bxc6 Nxf4+ 47. Rxf4 d2 48. Rd4
Rc1 49. c7 Rxc4 50. Rxc4  1-0

[Event "36th Reykjavik op"]
[Site "Reykjavik ISL"]
[Date "2023.04.02"]
[Round "7.52"]
[White "Lohia, Sohum"]
[Black "Griffith, Kyron"]
[WhiteElo "2081"]
[BlackElo "2342"]
[Result "1/2-1/2"]
[EventDate "2023.03.29"]
[PlyCount "76"]

1. e4 c5 2. Nf3 d6 3. d4 cxd4 4. Nxd4 Nf6 5. Nc3 a6 6. h3 Nc6 7. g4 g6 8. Be3 Nxd4
9. Bxd4 Bh6 10. Nd5 O-O 11. Nxf6+ exf6 12. Bg2 Re8 13. O-O Bf4 14. c3 Bd7 15. Qf3
Be5 16. Qe3 g5 17. f4 gxf4 18. Rxf4 Bxf4 19. Qxf4 Re5 20. Rf1 Qe7 21. Qh6 Qf8 22.
Qxf6 Rae8 23. Bxe5 Rxe5 24. Rd1 Re6 25. Qg5+ Rg6 26. Qh4 Rh6 27. Qg5+ Rg6 28. Qa5
Bc6 29. e5 Bxg2 30. Kxg2 Qe7 31. Rd5 Rg5 32. Qb4 Rxe5 33. Rxe5 Qxe5 34. Qxb7 Qe2+
35. Kg3 Qe1+ 36. Kg2 Qe2+ 37. Kg1 Qe3+ 38. Kh2 Qe5+  1/2-1/2